[Event "San Francisco TNM Wilkerson U2000 op"]
[Site "San Francisco"]
[Date "2020.01.21"]
[Round "3"]
[White "Ricard, Bruce"]
[Black "Babayan, Gagik"]
[Result "1-0"]
[WhiteElo "1810"]
[BlackElo "1739"]
[PlyCount "79"]
[EventDate "2020.01.07"]
[EventType "swiss"]
[EventRounds "7"]
[EventCountry "USA"]
[SourceTitle "EXT 2021"]
[Source "ChessBase"]
[SourceDate "2020.10.23"]
[SourceVersion "1"]
[SourceVersionDate "2020.10.23"]
[SourceQuality "1"]

1. d4 Nf6 2. c4 g6 3. Nc3 Bg7 4. e4 d6 5. Nf3 0-0 6. Be2 c5 7. d5 e6 8. dxe6 fxe6 9. 0-0 a6 10. Bg5 Nc6 11. Qd2 Qc7 12. Bh6 e5 13. Be3 Bg4 14. Ng5 Bxe2 15. Qxe2 Qd7 16. Rad1 h6 17. Nf3 Nd4 18. Bxd4 cxd4 19. Nd5 Nxd5 20. exd5 Qg4 21. Nxd4 Qf4 22. Ne6 Qf5 23. Nxf8 Rxf8 24. b4 Qc8 25. Rc1 b6 26. Qc2 Rf6 27. c5 dxc5 28. bxc5 bxc5 29. Qxc5 Qf5 30. d6 Rf8 31. Qd5+ Kh7 32. d7 Rd8 33. Rfd1 h5 34. Rc3 h4 35. Rf3 Qg4 36. h3 Qb4 37. Rf7 Qb2 38. Re7 g5 39. Re8 Qb8 40. Qg8+ 1-0

[Event "San Francisco TNM Wilkerson U2000 op"]
[Site "San Francisco"]
[Date "2020.01.11"]
[Round "5"]
[White "Ricard, Bruce"]
[Black "Drane, Robert W"]
[Result "1-0"]
[WhiteElo "1810"]
[BlackElo "1743"]
[PlyCount "63"]
[EventDate "2020.01.07"]
[EventType "swiss"]
[EventRounds "7"]
[EventCountry "USA"]
[SourceTitle "EXT 2021"]
[Source "ChessBase"]
[SourceDate "2020.10.23"]
[SourceVersion "1"]
[SourceVersionDate "2020.10.23"]
[SourceQuality "1"]

1. d4 f5 2. Nc3 d5 3. Bf4 a6 4. e3 Nf6 5. Nf3 e6 6. Be2 c5 7. 0-0 Nc6 8. Ne5 Ne4 9. Nxe4 Nxe5 10. Bxe5 dxe4 11. Bh5+ Ke7 12. f3 exf3 13. Qxf3 Rg8 14. Qf2 g6 15. Bf3 Kf7 16. Rad1 cxd4 17. Rxd4 Qa5 18. Qg3 Bg7 19. Bxg7 Kxg7 20. Rfd1 Re8 21. b4 Qb6 22. Qe5+ Kf7 23. a4 Ra7 24. Kh1 a5 25. b5 Ra8 26. c4 Re7 27. Qh8 Re8 28. Rd7+ Bxd7 29. Rxd7+ Re7 30. Qxh7+ Kf6 31. Qxe7+ Ke5 32. Rd5# 1-0

[Event "San Francisco TNM Wilkerson U2000 op"]
[Site "San Francisco"]
[Date "2020.01.07"]
[Round "1"]
[White "Ricard, Bruce"]
[Black "Raza, Aezed S"]
[Result "1-0"]
[WhiteElo "1810"]
[BlackElo "1677"]
[PlyCount "29"]
[EventDate "2020.01.07"]
[EventType "swiss"]
[EventRounds "7"]
[EventCountry "USA"]
[SourceTitle "EXT 2021"]
[Source "ChessBase"]
[SourceDate "2020.10.23"]
[SourceVersion "1"]
[SourceVersionDate "2020.10.23"]
[SourceQuality "1"]

1. e4 c5 2. c3 e6 3. d4 g6 4. Nf3 Qc7 5. Be2 Bg7 6. 0-0 d6 7. Re1 Ne7 8. Na3 a6 9. e5 b5 10. Bxb5+ Nbc6 11. exd6 Qxd6 12. Nc4 Qc7 13. Bxc6+ Qxc6 14. Nfe5 Qc7 15. Qf3 1-0

[Event "San Francisco TNM Fall op"]
[Site "San Francisco"]
[Date "2017.12.05"]
[Round "7"]
[White "Touset, Stephen"]
[Black "Ricard, Bruce"]
[Result "0-1"]
[WhiteElo "1566"]
[BlackElo "1778"]
[PlyCount "22"]
[EventDate "2017.10.24"]
[EventType "swiss"]
[EventRounds "9"]
[EventCountry "USA"]
[SourceTitle "EXT 2023"]
[Source "ChessBase"]
[SourceDate "2022.10.05"]
[SourceVersion "1"]
[SourceVersionDate "2022.10.05"]
[SourceQuality "1"]

1. d4 d5 2. Bf4 Nf6 3. e3 c5 4. c3 Nc6 5. Bd3 Qb6 6. b3 Bg4 7. Nf3 Ne4 8. Be2 e6 9. Qc2 cxd4 10. cxd4 Bb4+ 11. Nbd2 Bxf3 0-1

[Event "San Francisco TNM Fall op"]
[Site "San Francisco"]
[Date "2017.11.14"]
[Round "4"]
[White "Ricard, Bruce"]
[Black "Askin, Michael"]
[Result "0-1"]
[WhiteElo "1778"]
[BlackElo "1928"]
[PlyCount "102"]
[EventDate "2017.10.24"]
[EventType "swiss"]
[EventRounds "9"]
[EventCountry "USA"]
[SourceTitle "EXT 2023"]
[Source "ChessBase"]
[SourceDate "2022.10.05"]
[SourceVersion "1"]
[SourceVersionDate "2022.10.05"]
[SourceQuality "1"]

1. e4 c6 2. d4 d5 3. Nc3 dxe4 4. Nxe4 Bf5 5. Ng3 Bg6 6. h4 h6 7. Nf3 Nd7 8. h5 Bh7 9. Bd3 Bxd3 10. Qxd3 e6 11. Bd2 Ngf6 12. 0-0-0 Be7 13. Kb1 c5 14. Ne4 0-0 15. dxc5 Nxc5 16. Nxf6+ Bxf6 17. Qe2 Qb6 18. Ne5 Na4 19. b3 Qd4 20. bxa4 Bxe5 21. c3 Qb6+ 22. Qb5 Qc7 23. g4 a6 24. Qe2 Bxc3 25. Bxc3 Qxc3 26. g5 Rac8 27. gxh6 Rc4 28. Rd2 Rb4+ 29. Rb2 Rd8 30. Rxb4 Qxb4+ 31. Ka1 Qc3+ 32. Qb2 Qxb2+ 33. Kxb2 gxh6 34. Kc3 Rd5 35. Rb1 Rxh5 36. Rxb7 Rf5 37. Ra7 a5 38. Kd3 Rxf2 39. Rxa5 Rxa2 40. Ke4 Kg7 41. Kf4 Kf6 42. Ra8 h5 43. a5 Ra4+ 44. Kg3 Kf5 45. a6 e5 46. a7 h4+ 47. Kh3 f6 48. Rh8 Rxa7 49. Rxh4 Rg7 50. Rb4 e4 51. Kh2 Kf4 0-1

[Event "San Francisco Grey Memorial"]
[Site "San Francisco"]
[Date "2017.08.15"]
[Round "2"]
[White "Ricard, Bruce"]
[Black "Anderson, Michael Gene"]
[Result "1-0"]
[WhiteElo "1593"]
[BlackElo "1908"]
[PlyCount "97"]
[EventDate "2017.08.08"]
[EventType "swiss"]
[EventRounds "9"]
[EventCountry "USA"]
[SourceTitle "EXT 2023"]
[Source "ChessBase"]
[SourceDate "2022.10.05"]
[SourceVersion "1"]
[SourceVersionDate "2022.10.05"]
[SourceQuality "1"]

1. e4 c5 2. c3 Nf6 3. e5 Nd5 4. Nf3 e6 5. d4 cxd4 6. cxd4 b6 7. Bd3 Bb7 8. 0-0 Be7 9. Bd2 Nc6 10. Nc3 Ncb4 11. Bb1 Rc8 12. a3 Nxc3 13. bxc3 Nd5 14. Qb3 Ba6 15. Rc1 Bc4 16. Qb2 0-0 17. Qc2 g6 18. Bh6 Re8 19. Nd2 Bg5 20. Bxg5 Qxg5 21. Ne4 Qh6 22. Nd6 Bb3 23. Qb2 Nf4 24. Be4 Bc4 25. Nxe8 Ne2+ 26. Kh1 Rxe8 27. Re1 Nf4 28. Qd2 g5 29. Re3 Kh8 30. g3 Nd5 31. Rf3 f5 32. Bd3 Qh5 33. g4 fxg4 34. Rg3 Bxd3 35. Qxd3 Rf8 36. Qe2 Rf3 37. Rxf3 gxf3 38. Qd2 Nf4 39. Rg1 Ng2 40. c4 g4 41. d5 Qxe5 42. Qh6 Qf5 43. dxe6 Qxe6 44. Qf8+ Qg8 45. Qf6+ Qg7 46. Qd8+ Qg8 47. Qxd7 h5 48. Rd1 Ne3 49. Qd4+ 1-0

[Event "San Francisco TNM Summer op"]
[Site "San Francisco"]
[Date "2017.06.13"]
[Round "4"]
[White "Andries, Craig"]
[Black "Ricard, Bruce"]
[Result "1-0"]
[WhiteElo "1877"]
[BlackElo "1566"]
[PlyCount "119"]
[EventDate "2017.05.23"]
[EventType "swiss"]
[EventRounds "8"]
[EventCountry "USA"]
[SourceTitle "EXT 2023"]
[Source "ChessBase"]
[SourceDate "2022.10.05"]
[SourceVersion "1"]
[SourceVersionDate "2022.10.05"]
[SourceQuality "1"]

1. Nf3 Nf6 2. g3 d5 3. Bg2 c5 4. d3 Nc6 5. 0-0 e5 6. Nbd2 Be7 7. e4 0-0 8. exd5 Nxd5 9. Nc4 f6 10. h3 Be6 11. Re1 Qd7 12. Kh2 Rfd8 13. a4 Ndb4 14. Ne3 c4 15. dxc4 Qxd1 16. Rxd1 Rxd1 17. Nxd1 Nxc2 18. Rb1 Bxc4 19. b3 Be6 20. Ne3 N2b4 21. Nd2 Rd8 22. Ndc4 Nd3 23. Kg1 Nxc1 24. Rxc1 Nd4 25. Rb1 b6 26. Rb2 Bb4 27. Bf1 Kf7 28. Kg2 h5 29. g4 hxg4 30. hxg4 Kg6 31. Kg3 Nc6 32. Bg2 Ne7 33. Be4+ Kf7 34. Rb1 Rd4 35. f3 Nd5 36. Bxd5 Bxd5 37. Nc2 Bc3 38. Nxd4 Bxd4 39. Nd6+ Ke6 40. Nf5 g6 41. Nxd4+ exd4 42. f4 d3 43. Kf2 g5 44. fxg5 fxg5 45. Ke3 Ke5 46. b4 Be6 47. Rg1 Bb3 48. a5 bxa5 49. bxa5 Bc2 50. Rf1 Kd5 51. Rf5+ Kc4 52. Kd2 Ba4 53. Rxg5 a6 54. Re5 Kd4 55. Re3 Bb5 56. g5 Bc4 57. g6 Kc5 58. g7 Kb5 59. Re5+ Kb4 60. Re8 1-0

[Event "San Francisco TNM Spring op"]
[Site "San Francisco"]
[Date "2017.04.25"]
[Round "7"]
[White "Ricard, Bruce"]
[Black "Nassif, Wassim J"]
[Result "1-0"]
[WhiteElo "1545"]
[BlackElo "1135"]
[PlyCount "75"]
[EventDate "2017.03.14"]
[EventType "swiss"]
[EventRounds "8"]
[EventCountry "USA"]
[SourceTitle "EXT 2023"]
[Source "ChessBase"]
[SourceDate "2022.10.05"]
[SourceVersion "1"]
[SourceVersionDate "2022.10.05"]
[SourceQuality "1"]

1. e4 e5 2. f4 d6 3. Nf3 Nc6 4. Bb5 Bd7 5. 0-0 Nf6 6. d3 a6 7. Ba4 b5 8. Bb3 Bg4 9. h3 Bd7 10. Ng5 d5 11. exd5 Nd4 12. fxe5 Nxb3 13. axb3 Nxd5 14. Nxf7 Qb8 15. Nxh8 Be6 16. Qh5+ g6 17. Nxg6 Qb6+ 18. Kh1 0-0-0 19. Rxf8 hxg6 20. Rxd8+ Kxd8 21. Bg5+ Kd7 22. Qe2 Qd4 23. c4 bxc4 24. dxc4 Nb4 25. Nc3 c6 26. Rd1 Qxd1+ 27. Qxd1+ Kc7 28. Qd6+ Kb7 29. Qxb4+ Kc8 30. Qf8+ Kd7 31. Qe7+ Kc8 32. Qxe6+ Kc7 33. Ne4 a5 34. Nd6 a4 35. Be3 c5 36. Qc8+ Kb6 37. Bxc5+ Ka5 38. Qa8# 1-0

[Event "San Francisco TNM Spring op"]
[Site "San Francisco"]
[Date "2017.04.18"]
[Round "6"]
[White "James, Charles"]
[Black "Ricard, Bruce"]
[Result "0-1"]
[WhiteElo "1435"]
[BlackElo "1545"]
[PlyCount "48"]
[EventDate "2017.03.14"]
[EventType "swiss"]
[EventRounds "8"]
[EventCountry "USA"]
[SourceTitle "EXT 2023"]
[Source "ChessBase"]
[SourceDate "2022.10.05"]
[SourceVersion "1"]
[SourceVersionDate "2022.10.05"]
[SourceQuality "1"]

1. d4 Nf6 2. c4 g6 3. Nc3 Bg7 4. e4 d6 5. Nf3 0-0 6. Be2 Nbd7 7. 0-0 e5 8. dxe5 dxe5 9. b4 c6 10. h3 Qe7 11. c5 Rd8 12. Qb3 Nf8 13. Be3 Nh5 14. Rad1 Be6 15. Bc4 Nf4 16. Bxf4 exf4 17. e5 Bxc4 18. Qxc4 Nd7 19. Rfe1 Nxe5 20. Nxe5 Rxd1 21. Nxd1 Bxe5 22. Qxf4 Re8 23. Qe3 Qf6 24. f4 Bd4 0-1

[Event "San Francisco TNM Spring op"]
[Site "San Francisco"]
[Date "2017.03.28"]
[Round "3"]
[White "Ricard, Bruce"]
[Black "Frank, Robert"]
[Result "1-0"]
[WhiteElo "1545"]
[BlackElo "1229"]
[PlyCount "51"]
[EventDate "2017.03.14"]
[EventType "swiss"]
[EventRounds "8"]
[EventCountry "USA"]
[SourceTitle "EXT 2023"]
[Source "ChessBase"]
[SourceDate "2022.10.05"]
[SourceVersion "1"]
[SourceVersionDate "2022.10.05"]
[SourceQuality "1"]

1. e4 e5 2. f4 exf4 3. Nf3 d5 4. e5 c5 5. c3 Nc6 6. d4 Bg4 7. Bb5 cxd4 8. Bxf4 a6 9. Bxc6+ bxc6 10. Qa4 Bd7 11. 0-0 c5 12. Qc2 Be7 13. cxd4 cxd4 14. Nxd4 Qb6 15. Be3 Bc5 16. Qf2 Qg6 17. Nc3 Bxd4 18. Bxd4 Be6 19. Rad1 Ne7 20. Bc5 Rd8 21. Bxe7 Kxe7 22. Qc5+ Kd7 23. Nxd5 Bxd5 24. Rxd5+ Ke8 25. Rxd8+ Kxd8 26. Rd1+ 1-0

[Event "San Francisco TNM Spring op"]
[Site "San Francisco"]
[Date "2017.03.21"]
[Round "2"]
[White "Sevall, Jacob Cameron"]
[Black "Ricard, Bruce"]
[Result "1-0"]
[WhiteElo "1945"]
[BlackElo "1545"]
[PlyCount "41"]
[EventDate "2017.03.14"]
[EventType "swiss"]
[EventRounds "8"]
[EventCountry "USA"]
[SourceTitle "EXT 2023"]
[Source "ChessBase"]
[SourceDate "2022.10.05"]
[SourceVersion "1"]
[SourceVersionDate "2022.10.05"]
[SourceQuality "1"]

1. d4 d5 2. Bf4 Nf6 3. Nf3 c5 4. e3 Nc6 5. Nc3 Bg4 6. Bb5 e6 7. h3 Bxf3 8. gxf3 Bd6 9. Bxd6 Qxd6 10. f4 a6 11. Bxc6+ bxc6 12. Na4 cxd4 13. Qxd4 0-0 14. Rg1 Qe7 15. Nc5 g6 16. 0-0-0 Nd7 17. Nxd7 Qxd7 18. h4 h5 19. Rg5 Qe7 20. Rdg1 Kh7 21. Rxh5+ 1-0

[Event "San Francisco TNM Fall op"]
[Site "San Francisco"]
[Date "2016.12.13"]
[Round "9"]
[White "Brown, Nicholas"]
[Black "Ricard, Bruce"]
[Result "1-0"]
[WhiteElo "1419"]
[BlackElo "1569"]
[PlyCount "80"]
[EventDate "2016.10.18"]
[EventType "swiss"]
[EventRounds "9"]
[EventCountry "USA"]
[SourceTitle "EXT 2018"]
[Source "ChessBase"]
[SourceDate "2017.10.13"]
[SourceVersion "1"]
[SourceVersionDate "2017.10.13"]
[SourceQuality "1"]

1. d4 f5 2. Nf3 Nf6 3. c4 g6 4. Nc3 e6 5. Bg5 Bg7 6. e4 fxe4 7. Nxe4 0-0 8. Be2 d6 9. 0-0 Nbd7 10. Qb3 h6 11. Nxf6+ Nxf6 12. Be3 Bd7 13. Qc2 Ng4 14. Qxg6 Nxe3 15. fxe3 Rf6 16. Qg3 Qe7 17. Nh4 Rxf1+ 18. Rxf1 Qg5 19. Qxg5 hxg5 20. Nf3 g4 21. Ne1 e5 22. d5 Bh6 23. Nc2 Bg5 24. Bd3 Rf8 25. Rxf8+ Kxf8 26. b4 c6 27. e4 Bf4 28. g3 Bd2 29. b5 Ke7 30. a4 Kd8 31. Kf2 Ba5 32. Be2 Bb6+ 33. Kg2 Kc7 34. Ne1 Be3 35. Nd3 Kb6 36. bxc6 bxc6 37. dxc6 Kxc6 38. Nb4+ Kc5 39. Nd5 Bg5 40. a5 Kd4 1-0

[Event "San Francisco TNM Fall op"]
[Site "San Francisco"]
[Date "2016.12.06"]
[Round "8"]
[White "Handler, Andrew Todd"]
[Black "Ricard, Bruce"]
[Result "1-0"]
[WhiteElo "1701"]
[BlackElo "1569"]
[PlyCount "41"]
[EventDate "2016.10.18"]
[EventType "swiss"]
[EventRounds "9"]
[EventCountry "USA"]
[SourceTitle "EXT 2018"]
[Source "ChessBase"]
[SourceDate "2017.10.13"]
[SourceVersion "1"]
[SourceVersionDate "2017.10.13"]
[SourceQuality "1"]

1. e4 e5 2. Bc4 Nf6 3. d3 c6 4. Bb3 d5 5. Nf3 Bd6 6. Nc3 d4 7. Ne2 Nbd7 8. a3 a5 9. Ng5 0-0 10. Ng3 a4 11. Ba2 h6 12. h4 Nc5 13. Bd2 hxg5 14. hxg5 Ng4 15. Nf5 Nxf2 16. Kxf2 g6 17. Rh8+ Kxh8 18. Qh1+ Kg8 19. Qh6 gxf5 20. Qg6+ Kh8 21. Rh1# 1-0